<?xml version="1.0" encoding="UTF-8"?>
<record
    xmlns:xsi="http://www.w3.org/2001/XMLSchema-instance"
    xsi:schemaLocation="http://www.loc.gov/MARC21/slim http://www.loc.gov/standards/marcxml/schema/MARC21slim.xsd"
    xmlns="http://www.loc.gov/MARC21/slim">

  <leader>01414nam a22002897a 4500</leader>
  <controlfield tag="003">OSt</controlfield>
  <controlfield tag="005">20230516104316.0</controlfield>
  <controlfield tag="008">230516b        |||||||| |||| 00| 0 eng d</controlfield>
  <datafield tag="040" ind1=" " ind2=" ">
    <subfield code="c">Lado V</subfield>
  </datafield>
  <datafield tag="082" ind1=" " ind2=" ">
    <subfield code="2">708</subfield>
    <subfield code="a">K82f</subfield>
  </datafield>
  <datafield tag="100" ind1=" " ind2=" ">
    <subfield code="9">826</subfield>
    <subfield code="a">Kontova, Helena</subfield>
    <subfield code="e">editora</subfield>
  </datafield>
  <datafield tag="245" ind1=" " ind2=" ">
    <subfield code="a">FlashArt/</subfield>
  </datafield>
  <datafield tag="260" ind1=" " ind2=" ">
    <subfield code="a">Australia</subfield>
    <subfield code="a">Austria</subfield>
    <subfield code="a">Belgica</subfield>
    <subfield code="a">Canada</subfield>
    <subfield code="a">Francia</subfield>
    <subfield code="a">Alemania</subfield>
    <subfield code="a">Gran Breta&#xF1;a</subfield>
    <subfield code="a">Holanda</subfield>
    <subfield code="a">Italia</subfield>
    <subfield code="a">Espa&#xF1;a</subfield>
    <subfield code="a">Irlanda</subfield>
    <subfield code="b">GEA POLITI</subfield>
    <subfield code="c">2002</subfield>
  </datafield>
  <datafield tag="300" ind1=" " ind2=" ">
    <subfield code="a">104p.</subfield>
    <subfield code="c">20.5x27.5cm</subfield>
  </datafield>
  <datafield tag="490" ind1=" " ind2=" ">
    <subfield code="a">222</subfield>
    <subfield code="v">XXXIV</subfield>
    <subfield code="x">0394-1493</subfield>
  </datafield>
  <datafield tag="505" ind1=" " ind2=" ">
    <subfield code="a">Flash Art News</subfield>
    <subfield code="t">New York Contemporary Sales

Whitney Biennial 2002

Vito Acconci

Martin Creed won the Turner Prize

Palais de Tokyo Opens in Paris

At The Galleries

Group Shows

Theory

Aperto Scotland

New Voices in Curating

IkNOW wHAT yOU dID Last Summer

New York Cut Up</subfield>
  </datafield>
  <datafield tag="505" ind1=" " ind2=" ">
    <subfield code="a">Features</subfield>
    <subfield code="t">Auraportarit

Darren Almond

Signature as Contet

Didier Fiuza Faustino

Kiki Seror
 
Pil Collins</subfield>
  </datafield>
  <datafield tag="505" ind1=" " ind2=" ">
    <subfield code="a">Global Art</subfield>
    <subfield code="r">Lina Bertucci</subfield>
  </datafield>
  <datafield tag="505" ind1=" " ind2=" ">
    <subfield code="a">Ouvertures</subfield>
    <subfield code="r">Melik Ohanian</subfield>
  </datafield>
  <datafield tag="505" ind1=" " ind2=" ">
    <subfield code="a">Spotlights</subfield>
    <subfield code="t">Casino 2001

Form Follows Fiction</subfield>
  </datafield>
  <datafield tag="505" ind1=" " ind2=" ">
    <subfield code="a">Flash Art Reviews</subfield>
  </datafield>
  <datafield tag="650" ind1=" " ind2=" ">
    <subfield code="2">Tesauro de Arte &amp; Arquitectura</subfield>
    <subfield code="a">CATALOGO</subfield>
  </datafield>
  <datafield tag="650" ind1=" " ind2=" ">
    <subfield code="2">Tesauro de Arte &amp; Arquitectura</subfield>
    <subfield code="a">REVISTA</subfield>
  </datafield>
  <datafield tag="650" ind1=" " ind2=" ">
    <subfield code="2">Tesauro de Arte &amp; Arquitectura</subfield>
    <subfield code="a">ARTE INTERNACIONAL</subfield>
  </datafield>
  <datafield tag="650" ind1=" " ind2=" ">
    <subfield code="2">Tesauro de Arte &amp; Arquitectura</subfield>
    <subfield code="a">CRITICA</subfield>
  </datafield>
  <datafield tag="942" ind1=" " ind2=" ">
    <subfield code="2">ddc</subfield>
    <subfield code="c">1</subfield>
    <subfield code="h">708</subfield>
    <subfield code="i">K82f</subfield>
    <subfield code="n">0</subfield>
  </datafield>
  <datafield tag="999" ind1=" " ind2=" ">
    <subfield code="c">3566</subfield>
    <subfield code="d">3566</subfield>
  </datafield>
  <datafield tag="952" ind1=" " ind2=" ">
    <subfield code="0">0</subfield>
    <subfield code="1">0</subfield>
    <subfield code="2">ddc</subfield>
    <subfield code="3">XXXIV</subfield>
    <subfield code="4">0</subfield>
    <subfield code="7">0</subfield>
    <subfield code="8">Revistas</subfield>
    <subfield code="a">LV</subfield>
    <subfield code="b">LV</subfield>
    <subfield code="d">2023-05-16</subfield>
    <subfield code="h">222</subfield>
    <subfield code="i">002989</subfield>
    <subfield code="l">0</subfield>
    <subfield code="o">708 K82f</subfield>
    <subfield code="p">002989</subfield>
    <subfield code="r">2023-05-16 00:00:00</subfield>
    <subfield code="w">2023-05-16</subfield>
    <subfield code="y">1</subfield>
  </datafield>
</record>
